000 00486nam a2200181Ia 4500
001 8471
005 20260306160612.0
008 260306t2012||||xx |||||||||||||| ||spa||
041 _aESP
082 _a371.1
_bD33
100 _aDay, Christopher
_eAUT
245 0 _aProfesores:
_bvidas nuevas, verdades antiguas: una influencia decisiva en la vida de los alumnos
260 _c2012
300 _a245 páginas :
_c24 cm.
650 _aGEN
654 _aCED
942 _cLIB
_dJUS
_fJUS
_2ddc
_n
999 _c8471
_d8471